| 000 | 00477nam a22001577a 4500 | ||
|---|---|---|---|
| 999 |
_c17088 _d17088 |
||
| 008 | 180804b xxu||||| |||| 00| 0 eng d | ||
| 020 | _a0853696018 | ||
| 040 |
_aKABU _cKABU |
||
| 050 |
_aRM302.5 _b.A38 2006 c. 1 |
||
| 245 |
_aAdverse drug reactions _cedited by Anne Lee |
||
| 250 | _a2nd ed. | ||
| 260 |
_aLondon _bPharmaceutical Press _c2006 |
||
| 300 | _axxi, 474 p. | ||
| 650 |
_aDrugs _vHandbooks, manuals, etc. _xSide effects |
||
| 942 |
_2lcc _cBK _e2nd ed. _hRM302.5 |
||